Giáo trình luật hình sự Việt Nam

保存先:
書誌詳細
第一著者: Nguyễn, Ngọc Hoà
フォーマット: 図書
言語:Undetermined
出版事項: Hà Nội Công an nhân dân 2007
主題:
タグ: タグ追加
タグなし, このレコードへの初めてのタグを付けませんか!
Thư viện lưu trữ: Trung tâm Học liệu Trường Đại học Cần Thơ
LEADER 00561nam a2200193Ia 4500
001 CTU_131071
008 210402s9999 xx 000 0 und d
020 |c 40000 
082 |a 345.597 
082 |b H401/T2 
100 |a Nguyễn, Ngọc Hoà 
245 0 |a Giáo trình luật hình sự Việt Nam 
245 0 |c Nguyễn Ngọc Hoà (chủ biên) 
260 |a Hà Nội 
260 |b Công an nhân dân 
260 |c 2007 
650 |a Criminal law 
904 |i Hiếu 
980 |a Trung tâm Học liệu Trường Đại học Cần Thơ